Phosphate analysis /
| Corporate Authors: | , |
|---|---|
| Format: | Book |
| Language: | English |
| Published: |
La Jolla, Calif. :
Institute of Marine Resources,
[1971?]
|
| Series: | SIO reference ;
no. 71-10. Marine technician's handbook ; [pt. 3]. Sea grant publication (University of California (System). Institute of Marine Resources) ; no. 11. |
| Subjects: |
MARC
| Tag | First Indicator | Second Indicator | Subfields |
|---|---|---|---|
| LEADER | 00000cam a2200000 i 4500 | ||
| 001 | in00000986901 | ||
| 005 | 20150927160208.0 | ||
| 008 | 780920s1971 cau f 00000 eng d | ||
| 035 | |a (OCoLC)04237933 | ||
| 035 | |9 AEY4246AM | ||
| 040 | |a KSU |c KSU |d m.c. |d TXA |d UtOrBLW | ||
| 049 | 1 | |a TXA2 | |
| 090 | |a GC57.2 |b .C35 no. 11 | ||
| 245 | 0 | 0 | |a Phosphate analysis / |c [Scripps Institution of Oceanography]. |
| 264 | 1 | |a La Jolla, Calif. : |b Institute of Marine Resources, |c [1971?] | |
| 300 | |a 17 pages ; |c 28 cm. | ||
| 336 | |a text |b txt |2 rdacontent | ||
| 337 | |a unmediated |b n |2 rdamedia | ||
| 338 | |a volume |b nc |2 rdacarrier | ||
| 490 | 1 | |a SIO reference ; |v no. 71-10 | |
| 490 | 1 | |a Marine technician's handbook ; |v [pt. 3] | |
| 490 | 1 | |a Sea Grant publicaton ; |v no. 11 | |
| 650 | 0 | |a Phosphates |x Analysis. | |
| 650 | 0 | |a Oceanography |x Handbooks, manuals, etc. | |
| 710 | 2 | |a Scripps Institution of Oceanography. | |
| 710 | 2 | |a National Science Foundation (U.S.). |b Sea Grant Program. | |
| 740 | 0 | |a Marine technicians handbook. | |
| 830 | 0 | |a SIO reference ; |v no. 71-10. | |
| 830 | 0 | |a Marine technician's handbook ; |v [pt. 3]. | |
| 830 | 0 | |a Sea grant publication (University of California (System). Institute of Marine Resources) ; |v no. 11. | |
| 999 | |a MARS | ||
| 999 | f | f | |s f9efeb07-f510-349f-81ce-4ee0d883b8ad |i 78af70c9-8167-3904-b871-417499d02c12 |t 0 |
| 952 | f | f | |p ric |a Texas A&M University |b Rellis Campus |c Joint Library Facility |d Remote Storage |t 0 |e GC57.2 .C35 no.11 |h Library of Congress classification |i unmediated -- volume |m A14812821312 |
| 998 | f | f | |a GC57.2 .C35 no.11 |t 0 |l Remote Storage |